|
|
|
|
| LEADER |
00000nab a2200000 a 4500 |
| 001 |
vtls000055266 |
| 003 |
SK-MaSNL |
| 005 |
20260304065844.0 |
| 008 |
250422c1980 xo 0 slo |
| 015 |
|
|
|a SNBRB19rr/mm-uuuuu
|
| 035 |
|
|
|a CL0065363
|
| 035 |
|
|
|a urn:nbn:sk:snk-abdkfw
|
| 035 |
|
|
|a (urnnbn)urn:nbn:sk:snk:ar-005yqb
|
| 035 |
|
|
|a (uuid)ec095a3f-64b2-46c1-8a4c-95af78d2c905
|
| 040 |
|
|
|a SNKBUCL
|b slo
|c SNKBUCL
|e AACR2
|
| 041 |
0 |
|
|a slo
|
| 044 |
|
|
|a xo
|c SK
|
| 080 |
|
|
|a 792.9
|2 1981
|
| 100 |
1 |
|
|a Jaborník, Ján,
|d 1942-2010
|4 aut
|9 103550
|
| 245 |
1 |
0 |
|a II. banskobystrické divadelné večery
|c Ján Jaborník
|
| 300 |
|
|
|b Obr. 1.
|
| 611 |
1 |
7 |
|a Banskobystrické divadelné večery
|n 2.
|c Banská Bystrica, Slovensko
|2 snkbucl
|9 1355308
|
| 650 |
0 |
7 |
|a bábkové divadlo
|2 snkbucl
|9 3309
|
| 655 |
|
7 |
|a články z novín a časopisov
|2 snkbucl
|9 267496
|
| 773 |
0 |
|
|t Film a divadlo
|g Roč. 24, č. 4 (1980), s. 27
|
| 850 |
|
|
|a Slovenská národná knižnica
|
| 852 |
|
|
|a Slovenská národná knižnica
|
| 954 |
|
|
|a odborná, vedecká literatúra pôvodná (slovenská)
|2 lita
|
| 957 |
|
|
|a 5301
|
| 957 |
|
|
|a 5300
|
| 958 |
|
|
|a article19
|
| 958 |
|
|
|a OND
|
| 958 |
|
|
|a RK
|
| 958 |
|
|
|a EUIPO
|
| 992 |
|
|
|a RBX
|
| 999 |
|
|
|c 2752921
|d 2754851
|